000 00364nam a2200133Ia 4500
005 20260328104333.0
008 260328s9999||||xx |||||||||||||| ||und||
100 _aDove, Caroline
245 0 _aRadical Housing :
_b Designing Multigenerational +co-living Housing for all /
_cCaroline Dove
260 _bRIBA
300 _a144 p.
650 _aVIVIENDA
942 _cBK
999 _c11795
_d11795